• 首页
  • 本馆介绍
  • 公告通知
  • 最新文献
  • 馆藏检索
  • 电子资源
  • 读者导购
  • 参考咨询
  • 我的图书馆
  • 登录
  • 详细信息显示
  • 放入我的书架
  • 预约/预借图书
  • 作者相关作品
  • 分类相关作品
  • 丛书相关作品
  • 出版社相关作品

书目信息

  • 表格格式
  • 工作单格式
  • 卡片格式
题名:
语言变异研究
    
 
作者: 陈松岑 著
分册:  
出版信息: 广州   广东教育出版社  1999
页数: 227页
开本: 20cm
丛书名: 语言文字应用研究丛书
单 册:
中图分类: H0-09
科图分类:
主题词: 语言学
电子资源:
ISBN: 7-5406-4025-1
000 00749nam0 2200241 45
001 0312290957
005 20031229095020.1
010    @a7-5406-4025-1@dCNY19.00
100    @a20031229d1999 km y0chiy0120 ea
101 0  @achi
105    @a z 000yy
200 1  @a语言变异研究@AYu Yan Bian Yi Yan Jiu@f陈松岑著@FChen Song Cen Zhu
210    @a广州@c广东教育出版社@d1999
215    @a227页@d20cm
225    @a语言文字应用研究丛书@f许嘉璐,陈章太主编
300    @a本丛书荣获第十二届中国图书奖
410    @12001 @a语言文字应用研究丛书
410    @1700 0@a陈章太@AChen Zhang Tai@4主编@a许嘉璐@AXu Jia Lu@4主编
606 0  @a语言学
690    @aH0-09@v4
701  0 @a陈松岑@4著
801    @aCN@bTSTC@c20031229
905    @b330549-556@dH0-09@e110@f8
    
    语言变异研究/陈松岑著.-广州:广东教育出版社,1999
    227页;20cm.-(语言文字应用研究丛书/许嘉璐,陈章太主编)
    本丛书荣获第十二届中国图书奖
    
    ISBN 7-5406-4025-1:CNY19.00
    
●
相关链接 在E读中查询图书 在五车中查询图书 在当当中查询图书 在豆瓣中查询图书


正题名:语言变异研究     索取号:H0-09/110         预约/预借

序号 登录号 条形码 馆藏地/架位号 状态 备注
1 0330549   203305495   第四借阅区/ [索取号:H0-09/110] 在馆    
2 0330550   203305501   第四借阅区/ [索取号:H0-09/110] 在馆    
3 0330551   203305510   第四借阅区/ [索取号:H0-09/110] 在馆    
4 0330552   203305529   第四借阅区/ [索取号:H0-09/110] 在馆    
5 0330553   203305538   第四借阅区/ [索取号:H0-09/110] 在馆    
6 0330554   203305547   第四借阅区/ [索取号:H0-09/110] 在馆    
7 0330555   203305556   第四借阅区/ [索取号:H0-09/110] 在馆    
8 0330556   203305565   第二样本阅览室/ [索取号:H0-09/110] 在馆    
唐山师范学院图书馆 欢迎您!
大连网信软件有限公司© 版权所有